000 01304cam a22001694a 4500
999 _c4153
_d4153
020 _a0072989432
050 0 0 _aHF5636
_b.F86
245 0 0 _aFundamental financial accounting concepts /
_cThomas P. Edmonds ... [et al.].
250 _a5th ed.
260 _aBoston, Mass. :
_bMcGraw-Hill Irwin,
_c2006.
300 _axxx, 671 p. :
_bcol. ill. ;
_c29 cm. +
_e1 CD-ROM (4 3/4 in.)
500 _aIncludes index.
505 _a An introduction to accounting Accounting for accruals and deferrals The double-entry system Accounting for merchandising businesses Accounting for inventories Internal control and accounting for cash Accounting for receivables Accounting for long-term operational assets Accounting for current liabilities and payrol Accounting for long-term debt Proprietorships, partnerships, and corporations Statement of cash flows -- Financial statement analysis 13-0 (online) Appendix A: Accessing the edgar database through the internet Appendix B: Portion of the form 10-K for target corporation Appendix C: Summary of financial radios Appendix D: Annual report and financial statement analysis projects Appendix E: Accounting for investment securities Appendix F: Time value of money
650 0 _aAccounting.
700 1 _aEdmonds, Thomas P.
942 _cBK